00257nam a2200097Ia 4500008004100000020001800041100001900059245004000078260002700118300001400145171211s9999 xx 000 0 und d a9789719802600 aSuba, Sally C. aBlood Chemistry 2 laboratory Manual bC & E Publishingc2015 a112 pages